Koncept ekologického účtovníctva
Ekologické a sociálne účtovníctvo vychádza z potreby ochrany životného prostredia a starostlivosti o človeka. Obe tieto účtovníctva používajú doterajšie nástroje účtovníctva so zameraním na novovzniknuté úlohy. Ekologické účtovníctvo sa zameriava na sledovanie a výskum vstupov t.j. nákladov v súvisl...
Guardado en:
| Autor principal: | |
|---|---|
| Otros Autores: | |
| Formato: | Capítulo de libro |
| Lenguaje: | eslovaco |
| Materias: | |
| Etiquetas: |
Sin Etiquetas, Sea el primero en etiquetar este registro!
|
MARC
| LEADER | 00000naa$a2200000$$$4500 | ||
|---|---|---|---|
| 001 | 0019135 | ||
| 005 | 20220606115703.0 | ||
| 041 | 0 | |a slo | |
| 044 | |a SK | ||
| 245 | 1 | 0 | |a Koncept ekologického účtovníctva |c Vladimír Surový, Ladislav Kareš |
| 520 | |a Ekologické a sociálne účtovníctvo vychádza z potreby ochrany životného prostredia a starostlivosti o človeka. Obe tieto účtovníctva používajú doterajšie nástroje účtovníctva so zameraním na novovzniknuté úlohy. Ekologické účtovníctvo sa zameriava na sledovanie a výskum vstupov t.j. nákladov v súvislosti s ochranou životného prostredia a rovnako aj výstupov. V tejto súvislosti prichádza aj k zmenám majetku a zdrojov. V súčasnosti je ekologické účtovníctvo aj predmetom audítorskej praxe. Ekologický audit - jeden z nástrojov riadenia podniku. | ||
| 610 | 2 | 0 | |a účtovníctvo ekologické |
| 610 | 2 | 0 | |a vstupy |
| 610 | 2 | 0 | |a výstupy |
| 610 | 2 | 0 | |a náklady ekologické |
| 610 | 2 | 0 | |a audit |
| 100 | 1 | |a Surový, Vladimír | |
| 700 | 1 | |a Kareš, Ladislav | |